Spanish Speaking Country's Capitals Quiz - Statistics

General Stats
  • This quiz has been taken 211 times
  • The average score is 19 of 21
Answer Stats
Question Answer % Correct
What is the capital city of Mexico? La Ciudad de Mexico (Mexico D.F.)
97%
What is the capital city of Spain? Madrid
96%
What is the capital city of Panama? Panamá (La ciudad)
96%
What is the capital city of the Dominican Republic? Santo Domingo
96%
What is the capital city of Paraguay? Asunción
95%
What is the capital city of Argentina? Buenos Aires
95%
What is the capital city of Peru? Lima
95%
What is the capital city of Columbia? Bogotá
94%
What is the capital city of Costa Rica? San José
94%
What is the capital city of Puerto Rico? San Juan
94%
What is the capital city of El Salvador? San Salvador
92%
What is the capital city of Chile? Santiago
92%
What is the capital city of Venezuela? Caracas
90%
What is the capital city of Nicaragua? Managua
90%
What is the capital city of Ecuador? Quito
90%
What is the capital city of Honduras? Tegucigalpa
90%
What is the capital city of Uruguay? Montevideo
89%
What is the capital city of Bolivia? (There are 2) La Paz y Sucre
87%
What is the capital city of Guatemala? Guatemala City
86%
What is the capital city of Cuba? La Habana
85%
What is the capital city of Equatorial Guinea? Malabo
62%
No matching quizzes found
Score Distribution
Percent of People with Each Score
Percentile by Number Answered
Your Score History
You have not taken this quiz